000 00461cam a2200181 i 4500
020 _a0713133899 (v. 1) :
040 _cDLC
082 0 0 _a620 E.AR 1978 A037 Or.
100 1 _aMcDonagh, I.
245 1 0 _aEngineering science for technicians /
260 _aLondon :
_bE. Arnold,
_c1977-1978.
300 _a2 v. :
_bill. ;
_c22 cm.
500 _aIncludes index.
650 0 _aEngineering.
650 0 _aEngineering
700 1 _aWaterworth, G.,
942 _cEK
999 _c11530
_d11530